[Event "4. Moscu Open 2008"]
[Site "Moscu RUS"]
[Date "2008.02.04"]
[Round "3.41"]
[White "Kachko, Alexander"]
[Black "Kurnosov, Igor"]
[Result "1-0"]
[WhiteElo "2419"]
[BlackElo "2577"]
[PlyCount "75"]
[EventDate "2008.02.02"]
[EventType "swiss"]
[EventRounds "9"]
[EventCountry "RUS"]
[Source "lmi"]
[SourceDate "2008.02.02"]

1. e4 c5 2. Nc3 Nc6 3. g3 g6 4. Bg2 Bg7 5. d3 d6 6. Be3 Rb8 7. Qd2 b5 8. Nge2
Nd4 9. O-O h5 10. Nd1 h4 11. c3 Nxe2+ 12. Qxe2 Nf6 13. d4 hxg3 14. hxg3 Qc7 15.
dxc5 dxc5 16. Bf4 e5 17. Bg5 Bg4 18. Bf3 Be6 19. b3 Nd7 20. c4 bxc4 21. bxc4
Rb4 22. Rc1 Nb6 23. Nb2 f6 24. Be3 Bh6 25. Bxh6 Rxh6 26. Qe3 Rh8 27. Nd3 Bxc4
28. Rfd1 Rb5 29. Rc3 Ke7 30. Qc1 Bxa2 31. Nxc5 Rc8 32. Na4 Bc4 33. Nxb6 axb6
34. Bg4 Rc5 35. Bxc8 Qxc8 36. Qh6 Bf7 37. Rcd3 b5 38. Rd8 1-0

[Event "4. Moscu Open 2008"]
[Site "Moscu RUS"]
[Date "2008.02.04"]
[Round "3.42"]
[White "Nyzhnyk, Illya"]
[Black "Korobov, Anton"]
[Result "0-1"]
[WhiteElo "2405"]
[BlackElo "2573"]
[PlyCount "140"]
[EventDate "2008.02.02"]
[EventType "swiss"]
[EventRounds "9"]
[EventCountry "RUS"]
[Source "lmi"]
[SourceDate "2008.02.02"]

1. d4 Nf6 2. c4 e6 3. Nf3 b6 4. g3 Bb7 5. Bg2 Be7 6. Nc3 Ne4 7. Qd3 Nxc3 8.
Qxc3 O-O 9. O-O f5 10. b3 Bf6 11. Bb2 Be4 12. Rfd1 d6 13. Qe3 Qe7 14. Rac1 Nd7
15. Ba3 c5 16. dxc5 dxc5 17. Rd2 Rad8 18. Rcd1 Nb8 19. Rxd8 Rxd8 20. Rxd8+ Qxd8
21. Qc1 Nc6 22. Ne1 Bxg2 23. Kxg2 e5 24. Bb2 e4 25. Bxf6 Qxf6 26. Nc2 Qc3 27.
Qd1 Nd4 28. Ne3 f4 29. gxf4 Qb2 30. Nd5 Qxe2 31. Qxe2 Nxe2 32. f3 e3 33. Nxe3
Nc1 34. Nd5 Nxa2 35. Ne7+ Kf7 36. Nc8 Ke6 37. Nxa7 Kd7 38. Kf2 Nc1 39. Ke3 Nxb3
40. Nb5 Na5 41. Na3 Ke6 42. Ke4 g6 43. h3 h6 44. Kd3 Kf5 45. Ke3 h5 46. h4 Ke6
47. Kd3 Nc6 48. Nc2 Kf5 49. Ke3 Ne7 50. Ne1 Ke6 51. Ng2 Nf5+ 52. Kd3 Kd7 53.
Ke4 Kd6 54. Ne1 Nxh4 55. Nd3 Nf5 56. Ne5 h4 57. Kd3 h3 58. Ng4 Kc6 59. Ke2 b5
60. cxb5+ Kxb5 61. Kf2 c4 62. Ne5 c3 63. Kg1 c2 64. Nd3 Nd4 65. Ne1 Nxf3+ 66.
Kh1 Kc4 67. Nxc2 Nd4 68. Ne1 Ne6 69. Kh2 Nxf4 70. Kg3 g5 0-1

[Event "4. Moscu Open 2008"]
[Site "Moscu RUS"]
[Date "2008.02.04"]
[Round "3.43"]
[White "Shomoev, Anton"]
[Black "Bukavshin, Ivan"]
[Result "1/2-1/2"]
[WhiteElo "2562"]
[BlackElo "2255"]
[PlyCount "112"]
[EventDate "2008.02.02"]
[EventType "swiss"]
[EventRounds "9"]
[EventCountry "RUS"]
[Source "lmi"]
[SourceDate "2008.02.02"]

1. e4 c5 2. Nf3 e6 3. d4 cxd4 4. Nxd4 Nc6 5. Nc3 Qc7 6. Be3 a6 7. Qd2 Nf6 8.
O-O-O Bb4 9. f3 Ne5 10. Nb3 b5 11. Kb1 Nc4 12. Bxc4 bxc4 13. Nc1 O-O 14. Bf4 e5
15. Bg5 Ne8 16. N1e2 d6 17. h4 Rb8 18. Nd5 Bxd2 19. Nxc7 Nxc7 20. Rxd2 f6 21.
Be3 Ne8 22. Rd5 Rf7 23. Ra5 Rfb7 24. b3 Be6 25. Nc3 Rc8 26. Kb2 Rc6 27. Nd5 Kf7
28. a3 cxb3 29. cxb3 Rb5 30. Nb4 Rxa5 31. Nxc6 Rb5 32. b4 Bd7 33. Rc1 Kf8 34.
a4 Rb7 35. Ka3 h6 36. b5 axb5 37. a5 Rc7 38. Nb8 Bc8 39. a6 Rxc1 40. Bxc1 Nc7
41. a7 Bb7 42. Kb4 Ke7 43. Ka5 Na8 44. Ba3 h5 45. Kxb5 g6 46. Nc6+ Kd7 47. Na5
Nc7+ 48. Kb6 Ba8 49. Nc4 d5 50. exd5 Nxd5+ 51. Kc5 Ke6 52. Bc1 Kd7 53. Bh6 Ke6
54. Bd2 Kd7 55. Be1 Ke6 56. Bg3 Nc7 1/2-1/2

[Event "4. Moscu Open 2008"]
[Site "Moscu RUS"]
[Date "2008.02.04"]
[Round "3.44"]
[White "Kalashnikov, Konstantin"]
[Black "Rychagov, Andrey"]
[Result "0-1"]
[WhiteElo "2381"]
[BlackElo "2551"]
[PlyCount "116"]
[EventDate "2008.02.02"]
[EventType "swiss"]
[EventRounds "9"]
[EventCountry "RUS"]
[Source "lmi"]
[SourceDate "2008.02.02"]

1. d4 f5 2. g3 Nf6 3. Bg2 g6 4. Nh3 Nc6 5. c3 Bg7 6. Qb3 e6 7. Nf4 Qe7 8. h4 e5
9. dxe5 Nxe5 10. O-O c6 11. Nd2 d5 12. c4 d4 13. c5 Qxc5 14. Nf3 Ne4 15. Ne6
Bxe6 16. Qxe6+ Qe7 17. Nxd4 Rd8 18. Bxe4 Rxd4 19. Qxe7+ Kxe7 20. Bc2 Rd7 21. b3
Rhd8 22. Rb1 Ng4 23. Kg2 Bh6 24. Bxh6 Nxh6 25. Bd3 Ng4 26. Rbc1 Ne5 27. Bb1 Rd2
28. Rfe1 Rb2 29. Rc2 Rxc2 30. Bxc2 Rd2 31. Bb1 Kd6 32. f3 Kd5 33. Kf2 Kd4 34.
Rc1 c5 35. Ke1 Rb2 36. f4 Ng4 37. Rd1+ Kc3 38. Rc1+ Kb4 39. Rc4+ Kb5 40. Bd3
Kc6 41. Rc2 Rxc2 42. Bxc2 Kd5 43. Bd3 Kd4 44. Bc4 Ke3 45. Kf1 Kd4 46. Bg8 Nf6
47. Bf7 b5 48. Ke1 c4 49. bxc4 bxc4 50. Kd1 Kc3 51. Be6 Nh5 52. Bg8 h6 53. Bf7
Nxg3 54. Bxg6 Kb2 55. Bf7 c3 56. Bb3 Nxe2 57. Kxe2 c2 58. Bxc2 Kxc2 0-1

[Event "4. Moscu Open 2008"]
[Site "Moscu RUS"]
[Date "2008.02.04"]
[Round "3.45"]
[White "Iljushin, Alexei"]
[Black "Venevtsev, Andrey"]
[Result "1-0"]
[WhiteElo "2549"]
[BlackElo "2178"]
[PlyCount "122"]
[EventDate "2008.02.02"]
[EventType "swiss"]
[EventRounds "9"]
[EventCountry "RUS"]
[Source "lmi"]
[SourceDate "2008.02.02"]

1. d4 Nf6 2. c4 c5 3. d5 e6 4. Nc3 exd5 5. cxd5 d6 6. e4 g6 7. Be2 Bg7 8. Nf3
O-O 9. O-O Re8 10. Nd2 a6 11. a4 Nbd7 12. h3 g5 13. Nc4 Nxe4 14. Nxe4 Rxe4 15.
Nxd6 Rd4 16. Qc2 Nb6 17. Nxc8 Rxc8 18. Be3 Rb4 19. Bg4 Rc7 20. Rad1 Bd4 21. b3
Nxd5 22. Bd2 Rb6 23. Ba5 Rf6 24. Bxc7 Qxc7 25. Qe4 Nc3 26. Qe8+ Kg7 27. Rd3 Qb6
28. Rf3 Qxb3 29. Rxf6 Bxf6 30. Re1 Qxa4 31. Qb8 Qf4 32. Qxb7 Bd4 33. Qf3 Nd5
34. g3 Qxf3 35. Bxf3 Nb4 36. Be2 a5 37. Bc4 Nc6 38. Bb5 Ne5 39. Kf1 g4 40. hxg4
Nxg4 41. f3 Ne3+ 42. Ke2 Nf5 43. Kd3 Nxg3 44. Re7 h5 45. Bc4 Bf6 46. Rxf7+ Kg6
47. Ra7 h4 48. Be6 Nh5 49. Bf7+ Kg5 50. Bxh5 Kxh5 51. Ke4 Bd4 52. Kf5 Kh6 53.
Kg4 Bc3 54. Ra6+ Kg7 55. Kxh4 c4 56. Rc6 Bf6+ 57. Kg4 c3 58. Kf5 Bd4 59. Rc4
Be3 60. Rxc3 Bd2 61. Rc7+ Kf8 1-0

[Event "4. Moscu Open 2008"]
[Site "Moscu RUS"]
[Date "2008.02.04"]
[Round "3.46"]
[White "Chudinovskikh, Alexander M"]
[Black "Inarkiev, Ernesto"]
[Result "0-1"]
[WhiteElo "2389"]
[BlackElo "2681"]
[PlyCount "70"]
[EventDate "2008.02.02"]
[EventType "swiss"]
[EventRounds "9"]
[EventCountry "RUS"]
[Source "lmi"]
[SourceDate "2008.02.02"]

1. e4 c5 2. Nf3 d6 3. Bb5+ Nd7 4. c3 Ngf6 5. Qe2 a6 6. Ba4 Qc7 7. d3 g6 8. O-O
Bg7 9. d4 O-O 10. e5 dxe5 11. dxe5 Nd5 12. Re1 N7b6 13. Bc2 Bg4 14. a4 Nd7 15.
Qe4 Bxf3 16. gxf3 Qxe5 17. Rd1 e6 18. c4 N5f6 19. Qxb7 Rab8 20. Qxa6 Qe2 21.
Nd2 Nh5 22. Rf1 Bxb2 23. Bd1 Qe5 24. f4 Qxf4 25. Bxb2 Rxb2 26. Nf3 Qc7 27. a5
Nb8 28. Qa8 Nc6 29. Qa6 Rb7 30. Ba4 Nb4 31. Qb5 Rxb5 32. Bxb5 Ra8 33. a6 Qc8
34. Rfd1 Nxa6 35. Ne5 Nb4 0-1

[Event "4. Moscu Open 2008"]
[Site "Moscu RUS"]
[Date "2008.02.04"]
[Round "3.47"]
[White "Kobalia, Mikhail"]
[Black "Onoprijchuk, Boris"]
[Result "1-0"]
[WhiteElo "2623"]
[BlackElo "2390"]
[PlyCount "49"]
[EventDate "2008.02.02"]
[EventType "swiss"]
[EventRounds "9"]
[EventCountry "RUS"]
[Source "lmi"]
[SourceDate "2008.02.02"]

1. e4 c5 2. Nf3 e6 3. d4 cxd4 4. Nxd4 a6 5. c4 Qc7 6. Nc3 Nc6 7. Be3 Nf6 8. Rc1
Bb4 9. f3 Bd6 10. g3 h5 11. Qd2 Nxd4 12. Bxd4 h4 13. c5 Be5 14. Bxe5 Qxe5 15.
f4 Qh5 16. e5 Ng4 17. Bh3 hxg3 18. hxg3 Qg6 19. Bg2 Rxh1+ 20. Bxh1 Nxe5 21.
fxe5 Qxg3+ 22. Kf1 Qxe5 23. Ne4 d5 24. cxd6 Bd7 25. Rc5 1-0

[Event "4. Moscu Open 2008"]
[Site "Moscu RUS"]
[Date "2008.02.04"]
[Round "3.48"]
[White "Smirin, Ilia"]
[Black "Reshetnikov, Alexey"]
[Result "1/2-1/2"]
[WhiteElo "2616"]
[BlackElo "2388"]
[PlyCount "41"]
[EventDate "2008.02.02"]
[EventType "swiss"]
[EventRounds "9"]
[EventCountry "RUS"]
[Source "lmi"]
[SourceDate "2008.02.02"]

1. e4 c5 2. Nf3 e6 3. g3 Nc6 4. Bg2 a6 5. O-O Qc7 6. c3 Nf6 7. Re1 Be7 8. d4
cxd4 9. cxd4 d5 10. e5 Ne4 11. Be3 O-O 12. h4 Bd7 13. Ng5 Nxg5 14. hxg5 Rac8
15. Bf1 Qb6 16. Bd3 g6 17. Nd2 Qxb2 18. Rb1 Qxa2 19. Rxb7 Rfd8 20. Nf3 Nb4 21.
Nh2 1/2-1/2

[Event "4. Moscu Open 2008"]
[Site "Moscu RUS"]
[Date "2008.02.04"]
[Round "3.49"]
[White "Kalashian, David"]
[Black "Rodshtein, Maxim"]
[Result "1-0"]
[WhiteElo "2379"]
[BlackElo "2614"]
[PlyCount "117"]
[EventDate "2008.02.02"]
[EventType "swiss"]
[EventRounds "9"]
[EventCountry "RUS"]
[Source "lmi"]
[SourceDate "2008.02.02"]

1. d4 Nf6 2. c4 e6 3. Nc3 Bb4 4. e3 O-O 5. Bd3 d5 6. a3 Bxc3+ 7. bxc3 dxc4 8.
Bxc4 c5 9. Ne2 Qc7 10. Ba2 Nc6 11. Qc2 Na5 12. Bb1 Bd7 13. Ng3 g6 14. O-O Rfc8
15. Ra2 cxd4 16. exd4 Nd5 17. Ne4 b6 18. Bg5 f5 19. Nf6+ Nxf6 20. Bxf6 Kf7 21.
Be5 Qxc3 22. Qd1 Nc4 23. Bg3 b5 24. a4 bxa4 25. Rc2 Qb4 26. Qc1 Nb6 27. Be5
Rxc2 28. Bxc2 Kg8 29. Qg5 Nd5 30. Rb1 Qe7 31. Qd2 Bc6 32. Bd3 a5 33. Rc1 Nb4
34. Bc4 Rc8 35. Bb5 Qd7 36. Qh6 a3 37. h4 a2 38. d5 exd5 39. h5 Qf7 40. Ba1 d4
41. Bxd4 Rd8 42. Bxc6 Rxd4 43. Bd5 Qxd5 44. Rc8+ Qd8 45. hxg6 a1=Q+ 46. Kh2
hxg6 47. Qxg6+ Kf8 48. Qf6+ Ke8 49. Qe6+ Kf8 50. Qf6+ Ke8 51. Rxd8+ Rxd8 52.
Qxa1 Rd5 53. Kg3 Ke7 54. Kh4 Nd3 55. Qa2 Kd6 56. g3 Nb4 57. Qa4 Nc6 58. Qa3+
Kc7 59. Kg5 1-0

[Event "4. Moscu Open 2008"]
[Site "Moscu RUS"]
[Date "2008.02.04"]
[Round "3.50"]
[White "Vitiugov, Nikita"]
[Black "Ozolin, Maxim"]
[Result "1-0"]
[WhiteElo "2609"]
[BlackElo "2387"]
[PlyCount "59"]
[EventDate "2008.02.02"]
[EventType "swiss"]
[EventRounds "9"]
[EventCountry "RUS"]
[Source "lmi"]
[SourceDate "2008.02.02"]

1. e4 e6 2. d4 d5 3. Nc3 Nf6 4. e5 Nfd7 5. f4 c5 6. Nf3 Nc6 7. Be3 cxd4 8. Nxd4
Bc5 9. Qd2 a6 10. O-O-O Nxd4 11. Bxd4 O-O 12. Qf2 Qc7 13. Bd3 b5 14. Rhf1 Bb7
15. Qh4 g6 16. Ne2 Rfc8 17. g4 b4 18. Rf3 Qd8 19. Qxd8+ Rxd8 20. Bxc5 Nxc5 21.
Nd4 a5 22. h4 Ba6 23. Bxa6 Nxa6 24. h5 Rac8 25. hxg6 hxg6 26. f5 Nc5 27. Rh1
exf5 28. gxf5 f6 29. fxg6 Kg7 30. Nf5+ 1-0

[Event "4. Moscu Open 2008"]
[Site "Moscu RUS"]
[Date "2008.02.04"]
[Round "3.51"]
[White "Hambardzumian, Yuri"]
[Black "Grachev, Boris"]
[Result "0-1"]
[WhiteElo "2378"]
[BlackElo "2601"]
[PlyCount "68"]
[EventDate "2008.02.02"]
[EventType "swiss"]
[EventRounds "9"]
[EventCountry "RUS"]
[Source "lmi"]
[SourceDate "2008.02.02"]

1. e4 c5 2. Nf3 d6 3. d4 cxd4 4. Nxd4 Nf6 5. Nc3 a6 6. Be3 e6 7. f3 b5 8. Qd2
Bb7 9. g4 Nc6 10. Nxc6 Bxc6 11. Ne2 Be7 12. Nd4 Bb7 13. O-O-O Rc8 14. Bd3 Nd7
15. Kb1 Ne5 16. h4 d5 17. Bf4 Nxf3 18. Nxf3 dxe4 19. Qf2 exd3 20. Rxd3 Bd5 21.
Re1 O-O 22. g5 Bd6 23. Bxd6 Qxd6 24. Ne5 f6 25. gxf6 Rxf6 26. Qg3 Rcf8 27. b3
Rf1 28. Rxf1 Rxf1+ 29. Kb2 Rf5 30. Re3 b4 31. c4 bxc3+ 32. Kxc3 Qa3 33. h5 Qc1+
34. Kd4 Qd2+ 0-1

[Event "4. Moscu Open 2008"]
[Site "Moscu RUS"]
[Date "2008.02.04"]
[Round "3.52"]
[White "Krylov, Mikhail"]
[Black "Zakhartsov, Viacheslav V"]
[Result "1-0"]
[WhiteElo "2371"]
[BlackElo "2585"]
[PlyCount "111"]
[EventDate "2008.02.02"]
[EventType "swiss"]
[EventRounds "9"]
[EventCountry "RUS"]
[Source "lmi"]
[SourceDate "2008.02.02"]

1. d4 Nf6 2. c4 e6 3. g3 c5 4. d5 exd5 5. cxd5 b5 6. Bg2 d6 7. e4 Nbd7 8. Nh3
g6 9. O-O Bg7 10. Qe2 Qb6 11. a4 Ba6 12. Na3 b4 13. Nc4 Qc7 14. b3 O-O 15. Bb2
Rfe8 16. Qc2 Bxc4 17. bxc4 Rab8 18. f4 b3 19. Qd3 Rb4 20. a5 Nh5 21. Bxg7 Nxg7
22. Rfb1 b2 23. Ra2 Reb8 24. Nf2 Qd8 25. Bh3 Qe7 26. Qc2 Nf6 27. Bg2 Qc7 28.
Nd3 Rb3 29. Raxb2 Rxb2 30. Rxb2 Re8 31. e5 dxe5 32. fxe5 Ng4 33. e6 fxe6 34.
Qe2 Nf6 35. Qf2 Nf5 36. Qxc5 Qxc5+ 37. Nxc5 exd5 38. cxd5 Re1+ 39. Kf2 Rc1 40.
Ne6 Ng4+ 41. Ke2 Nxh2 42. Bh3 Nxg3+ 43. Ke3 Nhf1+ 44. Kf4 Rd1 45. Ke5 Ne3 46.
Rb8+ Kf7 47. Ng5+ Kg7 48. Rb7+ Kh6 49. Nf7+ Kh5 50. Be6 Nc4+ 51. Kf6 Ne4+ 52.
Ke7 Nxa5 53. Rb5 Ra1 54. d6+ g5 55. Rxa5 Rxa5 56. d7 1-0

[Event "4. Moscu Open 2008"]
[Site "Moscu RUS"]
[Date "2008.02.04"]
[Round "3.53"]
[White "Grigoriants, Sergey"]
[Black "Predein, Vladimir"]
[Result "1/2-1/2"]
[WhiteElo "2583"]
[BlackElo "2382"]
[PlyCount "38"]
[EventDate "2008.02.02"]
[EventType "swiss"]
[EventRounds "9"]
[EventCountry "RUS"]
[Source "lmi"]
[SourceDate "2008.02.02"]

1. e4 c5 2. Nf3 e6 3. d4 cxd4 4. Nxd4 Nc6 5. Nc3 Qc7 6. Be3 Nf6 7. f3 a6 8. Qd2
Na5 9. O-O-O Bb4 10. Kb1 d5 11. Nb3 Nxb3 12. cxb3 dxe4 13. Nb5 Qe7 14. Nc7+
Qxc7 15. Qxb4 Nd5 16. Qxe4 Nxe3 17. Qxe3 Bd7 18. Bd3 Bc6 19. Rc1 O-O 1/2-1/2

[Event "4. Moscu Open 2008"]
[Site "Moscu RUS"]
[Date "2008.02.04"]
[Round "3.54"]
[White "Minasian, Artashes"]
[Black "Gagarin, Vasilij"]
[Result "0-1"]
[WhiteElo "2578"]
[BlackElo "2378"]
[PlyCount "74"]
[EventDate "2008.02.02"]
[EventType "swiss"]
[EventRounds "9"]
[EventCountry "RUS"]
[Source "lmi"]
[SourceDate "2008.02.02"]

1. e4 c5 2. Nf3 e6 3. d3 d5 4. Qe2 Nf6 5. g3 Nc6 6. Bg2 g6 7. O-O Bg7 8. Re1
O-O 9. Nbd2 Re8 10. c3 h6 11. e5 Nd7 12. d4 f6 13. exf6 Qxf6 14. c4 Re7 15. Nb3
cxd4 16. Rd1 d3 17. Qxd3 Nde5 18. Nxe5 Nxe5 19. Qe2 Nxc4 20. Nd4 Nb6 21. a4 a5
22. Nb5 Nc4 23. Ra2 Qe5 24. Qf1 Qh5 25. f4 Bd7 26. b3 Bxb5 27. axb5 Nb6 28. Ba3
Ree8 29. Re2 a4 30. Bh3 axb3 31. Rxe6 Rxe6 32. Bxe6+ Kh7 33. Be7 Qxd1 34. Qxd1
b2 35. Kf2 Ra1 36. Qd3 b1=Q 37. Qxb1 Rxb1 0-1

[Event "4. Moscu Open 2008"]
[Site "Moscu RUS"]
[Date "2008.02.04"]
[Round "3.55"]
[White "Evdokimov, Alexander A"]
[Black "Shkurikhin, Ilia"]
[Result "1-0"]
[WhiteElo "2569"]
[BlackElo "2371"]
[PlyCount "63"]
[EventDate "2008.02.02"]
[EventType "swiss"]
[EventRounds "9"]
[EventCountry "RUS"]
[Source "lmi"]
[SourceDate "2008.02.02"]

1. d4 Nf6 2. c4 c5 3. d5 e6 4. Nc3 exd5 5. cxd5 d6 6. Nf3 g6 7. Nd2 Nbd7 8. e4
Bg7 9. Be2 O-O 10. O-O Re8 11. a4 Ne5 12. Ra3 g5 13. Qc2 Ng6 14. Nc4 h6 15. Re1
Ng4 16. Nb5 Bf8 17. Bxg4 Bxg4 18. Rg3 a6 19. Rxg4 axb5 20. axb5 Qd7 21. Rg3
Qxb5 22. f4 Ra1 23. fxg5 hxg5 24. Rf1 Bg7 25. Rxg5 Bd4+ 26. Kh1 Qa6 27. e5 dxe5
28. Qf5 Rf8 29. d6 Bf2 30. Qxf2 Qxc4 31. Rxg6+ Kh7 32. Rh6+ 1-0

[Event "4. Moscu Open 2008"]
[Site "Moscu RUS"]
[Date "2008.02.04"]
[Round "3.56"]
[White "Nezad, Husein Aziz"]
[Black "Vovk, Yuri"]
[Result "0-1"]
[WhiteElo "2355"]
[BlackElo "2561"]
[PlyCount "84"]
[EventDate "2008.02.02"]
[EventType "swiss"]
[EventRounds "9"]
[EventCountry "RUS"]
[Source "lmi"]
[SourceDate "2008.02.02"]

1. e4 c5 2. Nf3 Nc6 3. Bb5 Nf6 4. Bxc6 dxc6 5. d3 Nd7 6. Bf4 f6 7. e5 Nb6 8. h3
Bf5 9. Nbd2 Qd5 10. a4 g5 11. Bg3 Bg7 12. a5 Nd7 13. Nc4 Bg6 14. O-O Nxe5 15.
Nfxe5 fxe5 16. Re1 e4 17. Qe2 O-O 18. dxe4 Qe6 19. Rac1 Rad8 20. b3 Bc3 21. Qe3
Bxe1 22. Rxe1 g4 23. h4 Rd4 24. Qh6 Rxe4 25. Rxe4 Qxe4 26. h5 Bf5 27. Ne5 Rf6
28. Qg5+ Kf8 29. h6 Ke8 30. Qg8+ Rf8 31. Qg7 Qd5 32. c4 Qg8 33. a6 bxa6 34.
Nxc6 Qxg7 35. hxg7 Rg8 36. Be5 Be4 37. Nb8 Bb7 38. Kf1 Kf7 39. Ke2 Ke6 40. Bf4
Rxg7 41. g3 Rf7 42. Bc7 h5 0-1

[Event "4. Moscu Open 2008"]
[Site "Moscu RUS"]
[Date "2008.02.04"]
[Round "3.57"]
[White "Le, Quang Liem"]
[Black "Kislov, Oleg"]
[Result "1-0"]
[WhiteElo "2540"]
[BlackElo "2358"]
[PlyCount "63"]
[EventDate "2008.02.02"]
[EventType "swiss"]
[EventRounds "9"]
[EventCountry "RUS"]
[Source "lmi"]
[SourceDate "2008.02.02"]

1. Nf3 d5 2. d4 Nf6 3. c4 e6 4. Nc3 Bb4 5. Bg5 h6 6. Bh4 g5 7. Bg3 Ne4 8. Qb3
c5 9. O-O-O dxc4 10. Qxc4 Nxc3 11. bxc3 Ba3+ 12. Kc2 b5 13. Qb3 Qa5 14. Bd6 Bd7
15. Ne5 b4 16. Nxd7 Nxd7 17. e4 Rc8 18. Bc4 Rc6 19. d5 exd5 20. Rxd5 Nb6 21. e5
Nxd5 22. Bxd5 Rxd6 23. Bxf7+ Kd7 24. exd6 c4 25. Bxc4 Qf5+ 26. Bd3 Qxf2+ 27.
Kb1 Rc8 28. cxb4 Qxg2 29. Bf5+ Kc6 30. Re1 Qd2 31. Rd1 Kb6 32. Bxc8 1-0

[Event "4. Moscu Open 2008"]
[Site "Moscu RUS"]
[Date "2008.02.04"]
[Round "3.58"]
[White "Vorobiov, Evgeny E"]
[Black "Klimov, Anton"]
[Result "1-0"]
[WhiteElo "2537"]
[BlackElo "2351"]
[PlyCount "55"]
[EventDate "2008.02.02"]
[EventType "swiss"]
[EventRounds "9"]
[EventCountry "RUS"]
[Source "lmi"]
[SourceDate "2008.02.02"]

1. e4 c5 2. Nf3 d6 3. d4 cxd4 4. Nxd4 Nf6 5. Nc3 a6 6. Bg5 e6 7. f4 h6 8. Bh4
Nbd7 9. Qf3 e5 10. Nf5 exf4 11. Bxf6 Nxf6 12. O-O-O Bxf5 13. exf5 Be7 14. g4
fxg3 15. Qxg3 Qa5 16. Qxg7 Rg8 17. Qxh6 O-O-O 18. Qe3 Rd7 19. Bc4 d5 20. Bb3
Rgd8 21. Qd4 b5 22. Kb1 b4 23. Na4 Kc7 24. c3 Kb7 25. Rhe1 bxc3 26. Rxe7 Rxe7
27. Qxf6 Red7 28. Qxc3 1-0

[Event "4. Moscu Open 2008"]
[Site "Moscu RUS"]
[Date "2008.02.04"]
[Round "3.59"]
[White "Prokopchuk, Yury"]
[Black "Rakhmanov, Aleksandr"]
[Result "0-1"]
[WhiteElo "2346"]
[BlackElo "2524"]
[PlyCount "110"]
[EventDate "2008.02.02"]
[EventType "swiss"]
[EventRounds "9"]
[EventCountry "RUS"]
[Source "lmi"]
[SourceDate "2008.02.02"]

1. d4 e6 2. Nf3 d5 3. g3 c5 4. Bg2 Nc6 5. O-O Nf6 6. c4 Be7 7. cxd5 exd5 8. Nc3
Be6 9. Bg5 Ne4 10. Bxe7 Qxe7 11. dxc5 Nxc3 12. bxc3 Qxc5 13. Qb3 b6 14. Nd4
Nxd4 15. cxd4 Qa5 16. f4 g6 17. Qe3 Kd7 18. Qe5 Rhe8 19. e4 Bf5 20. Qxd5+ Qxd5
21. exd5 Kd6 22. Rfc1 Bd7 23. Kf2 Rac8 24. Rab1 b5 25. Bf3 a5 26. a3 Rxc1 27.
Rxc1 Rb8 28. Ke3 b4 29. axb4 Rxb4 30. Rc5 Rb3+ 31. Kf2 Rb5 32. Rc3 Rb2+ 33. Ke3
a4 34. Ra3 Bb5 35. h4 Rb4 36. h5 Bc4 37. hxg6 hxg6 38. Bd1 Bb3 39. Bf3 Bxd5 40.
Bd1 Bb3 41. Bf3 Rc4 42. Be4 f5 43. Bd3 Rb4 44. g4 fxg4 45. Bxg6 Bd5 46. Bc2 Bc6
47. f5 g3 48. d5 g2 49. Kf2 Bxd5 50. Ra1 Rb2 51. Rc1 Be4 52. Rd1+ Ke5 53. f6
Rxc2+ 54. Ke3 Rc3+ 55. Kf2 Kxf6 0-1

[Event "4. Moscu Open 2008"]
[Site "Moscu RUS"]
[Date "2008.02.04"]
[Round "3.60"]
[White "Kiselev, Vitaliy"]
[Black "Egorov, Dmitry"]
[Result "1-0"]
[WhiteElo "2590"]
[BlackElo "2590"]
[PlyCount "69"]
[EventDate "2008.02.02"]
[EventType "swiss"]
[EventRounds "9"]
[EventCountry "RUS"]
[Source "lmi"]
[SourceDate "2008.02.02"]

1. d4 d5 2. c4 dxc4 3. e4 e5 4. Nf3 Bb4+ 5. Bd2 Bxd2+ 6. Nbxd2 exd4 7. Bxc4 Nf6
8. e5 Ng4 9. O-O O-O 10. h3 Nh6 11. Nb3 Nc6 12. Nbxd4 Nxd4 13. Qxd4 Qe7 14.
Rad1 Nf5 15. Qf4 Qc5 16. Ng5 Qe7 17. Nxf7 Be6 18. Ng5 Bxc4 19. Qxc4+ Kh8 20.
Nf3 Rae8 21. Rd3 c5 22. Rfd1 Nd4 23. Nxd4 cxd4 24. Re1 h6 25. Rxd4 Rc8 26. Qe2
Qe6 27. a3 Rf5 28. Rd6 Qe7 29. Rd2 Qe6 30. Qb5 b6 31. Qd7 Qf7 32. Qxf7 Rxf7 33.
f3 Kg8 34. e6 Rff8 35. Rd7 1-0

[Event "4. Moscu Open 2008"]
[Site "Moscu RUS"]
[Date "2008.02.04"]
[Round "3.61"]
[White "Bagirov, Rufat"]
[Black "Losev, Dmitry"]
[Result "1-0"]
[WhiteElo "2495"]
[BlackElo "2344"]
[PlyCount "63"]
[EventDate "2008.02.02"]
[EventType "swiss"]
[EventRounds "9"]
[EventCountry "RUS"]
[Source "lmi"]
[SourceDate "2008.02.02"]

1. d4 g6 2. c4 Bg7 3. e4 d6 4. Nc3 Nh6 5. Nf3 f5 6. exf5 Bxf5 7. h3 Nf7 8. Be3
O-O 9. g4 Bd7 10. Qd2 a6 11. a4 Nc6 12. Be2 b5 13. axb5 axb5 14. Rxa8 Qxa8 15.
Nxb5 Nce5 16. dxe5 Bxb5 17. O-O Bxc4 18. exd6 Nxd6 19. Nh4 Qe4 20. Ng2 Bxe2 21.
Qxe2 Rf3 22. Rc1 Rxh3 23. Rxc7 Be5 24. Qc2 Qxg4 25. Rxe7 Rh2 26. f4 Bf6 27. Rc7
Rh5 28. Qb3+ Kf8 29. Qb8+ Ne8 30. Qb4+ Kg8 31. Qc4+ Kh8 32. Qf7 1-0

[Event "4. Moscu Open 2008"]
[Site "Moscu RUS"]
[Date "2008.02.04"]
[Round "3.62"]
[White "Zabotin, Alexander"]
[Black "Prihotko, Alexander"]
[Result "1-0"]
[WhiteElo "2495"]
[BlackElo "2340"]
[PlyCount "69"]
[EventDate "2008.02.02"]
[EventType "swiss"]
[EventRounds "9"]
[EventCountry "RUS"]
[Source "lmi"]
[SourceDate "2008.02.02"]

1. Nf3 d5 2. c4 c6 3. d4 e6 4. Nc3 f5 5. Bf4 Nf6 6. e3 Be7 7. Bd3 O-O 8. O-O
Ne4 9. Ne5 Nd7 10. f3 Nxe5 11. Bxe5 Nd6 12. Qe2 Bf6 13. Bxf6 Qxf6 14. c5 Nf7
15. f4 g5 16. g3 b5 17. a4 b4 18. Na2 a5 19. Nc1 gxf4 20. gxf4 Qh4 21. Qf2 Qh3
22. Kh1 Nh6 23. Rg1+ Ng4 24. Rg3 Kh8 25. Qg1 Qh4 26. Be2 Nf6 27. Qe1 Qh6 28.
Nd3 Ne4 29. Rg2 Qh3 30. Ne5 Bb7 31. Qg1 Nf6 32. Rg3 Qh6 33. Qg2 Ng4 34. Bxg4
fxg4 35. Rxg4 1-0

[Event "4. Moscu Open 2008"]
[Site "Moscu RUS"]
[Date "2008.02.04"]
[Round "3.63"]
[White "Tarlev, Konstantin"]
[Black "Kozlov, Vladimir N"]
[Result "1-0"]
[WhiteElo "2492"]
[BlackElo "2337"]
[PlyCount "61"]
[EventDate "2008.02.02"]
[EventType "swiss"]
[EventRounds "9"]
[EventCountry "RUS"]
[Source "lmi"]
[SourceDate "2008.02.02"]

1. Nf3 d5 2. c4 d4 3. g3 Nc6 4. Bg2 e5 5. O-O Nf6 6. d3 Be7 7. b4 Nxb4 8. Nxe5
O-O 9. Nd2 a5 10. Bb2 c5 11. a3 Na6 12. e3 Nd7 13. Nef3 Bf6 14. exd4 cxd4 15.
Ne4 Ne5 16. Nxf6+ Qxf6 17. Nxe5 Qxe5 18. Re1 Qd6 19. Re4 Nc5 20. Rxd4 Qb6 21.
Rb1 Be6 22. Rh4 Qb3 23. Qxb3 Nxb3 24. Bxg7 Kxg7 25. Rxb3 Rfd8 26. Be4 f5 27.
Rxb7+ Kg6 28. Rb6 fxe4 29. Rxe6+ Kf7 30. Rhxe4 Rxd3 31. a4 1-0

[Event "4. Moscu Open 2008"]
[Site "Moscu RUS"]
[Date "2008.02.04"]
[Round "3.64"]
[White "Umansky, Vladimir"]
[Black "Demchenko, Anton"]
[Result "1/2-1/2"]
[WhiteElo "2333"]
[BlackElo "2491"]
[PlyCount "70"]
[EventDate "2008.02.02"]
[EventType "swiss"]
[EventRounds "9"]
[EventCountry "RUS"]
[Source "lmi"]
[SourceDate "2008.02.02"]

1. d4 Nf6 2. c4 g6 3. Nc3 Bg7 4. e4 d6 5. Be2 O-O 6. f4 e5 7. dxe5 dxe5 8. Qxd8
Rxd8 9. fxe5 Nfd7 10. Bg5 Re8 11. Nd5 Na6 12. Nf3 Nxe5 13. c5 c6 14. Ne7+ Kf8
15. Bxa6 bxa6 16. Nxe5 Bxe5 17. Nxc8 Raxc8 18. O-O-O Rb8 19. b3 Rb7 20. Rd3 a5
21. Rhd1 f6 22. Rf1 Ke7 23. Bf4 Bxf4+ 24. Rxf4 Rb5 25. Rdf3 Rxc5+ 26. Kb2 Rf8
27. Rc3 Rxc3 28. Kxc3 Rd8 29. Rf2 Rd1 30. Rc2 Kd6 31. Kc4 a6 32. Rf2 Rc1+ 33.
Kd4 c5+ 34. Ke3 Ke5 35. Rd2 Ke6 1/2-1/2